000
00314nam a22001457a 4500
003
OSt
005
20170105103446.0
008
131203t xxu||||| |||| 00| 0 eng d
020
_a
978-81-309-1284-4
040
_c
ASAB
100
_a
B.M. Hannigan
_9
373
245
_a
Immunology
250
_a
2nd Ed.
942
_2
ddc
_c
BK
999
_c
16643
_d
16643